00505nam a2200205 a 4500001001300000003000900013005001700022008004100039020001000080082001400090100001900104245001900123260003200142300000900174500003500183505001300218650002300231700002800254700001700282nice12345678IN_TiNIC20260116011347.0050524s1922 laha grp 000 0 eng  ac10000a297bHUS3 aHussain, Ahmad aNotes on Islam aLahorebKashmir Bazarc1922 a104p aincludes index and biblioraphy2 aappendix aIslam-Meccan Trade1 aNawab Amin Jung Bahadur1 aBahadur Khan